Онтологический статус пространства в концепции философии евразийства; Актуальные проблемы гуманитарных наук

書誌詳細
Parent link:Актуальные проблемы гуманитарных наук.— 2010.— С. 396-397
第一著者: Суслов А. А. Андрей Александрович
言語:ロシア語
出版事項: 2010
主題:
フォーマット: 図書の章
KOHA link:https://koha.lib.tpu.ru/cgi-bin/koha/opac-detail.pl?biblionumber=193799

MARC

LEADER 00000naa2a2200000 4500
001 193799
005 20231031182037.0
035 |a (RuTPU)RU\TPU\book\211347 
090 |a 193799 
100 |a 20110329d2010 k y0rusy50 ca 
101 0 |a rus 
102 |a RU 
200 1 |a Онтологический статус пространства в концепции философии евразийства  |f А. А. Суслов 
320 |a Библиогр.: 13 назв. 
463 0 |0 (RuTPU)RU\TPU\book\205127  |y 978-5-98298-643-6  |t Актуальные проблемы гуманитарных наук  |o сборник трудов IX Международной научно-практической конференции студентов, аспирантов и молодых ученых, 22-23 апреля 2010 г., Томск  |f Национальный исследовательский Томский политехнический университет (ТПУ)  |v С. 396-397  |d 2010  |p 564 с. 
610 1 |a евразийство 
610 1 |a пространство 
610 1 |a онтология 
610 1 |a русские сказки 
610 1 |a исследование 
610 1 |a сказки 
610 1 |a труды учёных ТПУ 
700 1 |a Суслов  |b А. А.  |c российский учёный в области истории и регионоведения  |c ассистент Томского политехнического университета  |g Андрей Александрович  |2 stltpush  |3 (RuTPU)RU\TPU\pers\28087 
801 1 |a RU  |b 63413507  |c 20110329 
942 |c BK